| 000 | 00524nam a2200193Ia 4500 | ||
|---|---|---|---|
| 005 | 20240823023422.0 | ||
| 008 | 240823s9999||||xx |||||||||||||| ||und|| | ||
| 020 | _a81-219-2959-8 | ||
| 041 | _aENGLISH | ||
| 082 | _A371.271 P9 | ||
| 100 | _a"Sharma,Bhagwat Swarup et al." | ||
| 245 | 0 | _aNational Talent Search Examination and National Means-Cum-Merit Scholarship | |
| 250 | _a2nd | ||
| 260 |
_c2009 _b"S Chand,New Delhi" |
||
| 500 | _aYES | ||
| 650 |
_aTalent Search Exam _bGeneral |
||
| 942 | _cBK | ||
| 999 |
_c181497 _d181497 |
||